000
00506nam a2200157Ia 4500
008
090123s9999 xx 000 0 und d
082
_b
27892
245
_a
जालिवरचे प्रवास
250
_a
3
260
_b
ऑक्फर्ड युमिव्हरसिटी
300
_a
80
630
_a
जालिवरचे प्रवास
700
_a
बडोदेकर शरदचंद्र
730
_a
जालिवरचे प्रवास
942
_c
BOOK
999
_c
66263
_d
66263